| 000 | 01245cam a2200301 a 4500 | ||
|---|---|---|---|
| 001 | 000007280 | ||
| 005 | 20200929154123.0 | ||
| 008 | 060516s2002 pr a b 001 pbspa c | ||
| 020 | _a1881703509 | ||
| 040 |
_aDO-SdBNP _cUBY _dDLC |
||
| 082 |
_aRP861.5 _bR696T |
||
| 100 | 1 |
_aToledo, Josefina, _d1941- _920200 |
|
| 245 | 1 | 0 |
_aLola Rodríguez de Tió : _bcontribución para un estudio integral / _cJosefina Toledo. |
| 260 |
_aSan Juan, Purto Rico : _bAteneo Puertorriqueño : _bLEA, _c2002. |
||
| 300 |
_a179 p. : _bil. ; _c22 cm. |
||
| 490 | 1 | _aCuadernos del Ateneo. | |
| 490 | 1 |
_aHistoria _vno. 4 |
|
| 500 | _aSelección de cartas y poemas incluidos en Anejos. | ||
| 504 | _aIncluye referencias bibliográficas. | ||
| 504 | _a"Poemas y fotografias en Publicaciones Periódicas ": p. 168-169. | ||
| 600 | 1 | 0 |
_aRodriguez de Tio, Lola, _d1843-1924. _920201 |
| 600 | 1 | 0 |
_aRODRÍGUEZ DE TÍO, LOLA, _d1843-1924 _vCORRESPONDENCIA _920202 |
| 600 | 1 | 0 |
_aRODRÍGUEZ DE TÍO, LOLA, _d1843-1924 _xCRÍTICA E INTERPRETACIÓN _920203 |
| 650 | 4 |
_aAutores puertorriqueños _vBIOGRAFÍAS _920204 |
|
| 650 | 4 |
_aAutoras puertorriqueñas _vBIOGRAFÍAS _920205 |
|
| 830 | 0 |
_aCuadernos del Ateneo, _pHistoria ; _vno. 4 _920206 |
|
| 910 | _aCatalogación por copia / LC | ||
| 999 |
_c7061 _d7061 |
||